000 00594nam a2200193Ia 4500
005 20250326142453.0
008 250326s9999 xx 000 0 und d
020 _a0-471-34820-1
037 _aTextbook
040 _aFMSL
_beng
_cFMSL
041 _aeng
_2eng
084 _aD658(2:55) N9
_qFMSL
100 _aI B E Oliver C.
_9746096
245 0 _aRemote access networks and services : Internet access companion
_cI B E Oliver C.
260 _aNew York
_bNew York, Johan Wiley & Sons
_c1999
300 _axvii,366
942 _cTB
_hD658(2:55) N9
999 _c1295180
_d1295180